Історія українського мистецтва в шести томах (Запис № 313906)

МАРК-запис
000 -Лідер
fixed length control field 00928nam a22002657a 4500
001 - Контрольний номер
control field 27559
003 - Ідентифікатор контрольного номера
control field UA-OsUOA
005 - Дата та час останнього входження (трансакції)
control field 20220407194115.0
007 - Фіксоване поле фізичного опису
fixed length control field ta
008 - Елементи даних фіксованої довжини – загальна інформація
fixed length control field 20040906b un ||||| |||| 00| 0 ukr d
040 ## - Джерело каталогізації
Агенція оригінальної каталогізації UA-OsUOA
Мова каталогізації ukr
Агенція, яка здійснювала перезапис UA-OsUOA
Агенція, яка здійснювала модифікацію UA-OsUOA
041 ## - Код мови
Код мови тексту/ звукової доріжки чи окремого заголовка (П) ukr
044 ## - Код країни видавця/ виробника
Код країни видавця/ виробника (П) UA
080 ## - Індекс Універсальної десяткової класифікації
Індекс Універсальної десяткової класифікації (УДК) (НП) 7(091)(477)"654"
090 ## - Локальний шифр розміщення
Класифікаційний індекс УДК 7(091)(477)"654"
Авторський знак (НП) І-90
245 ## - Відомості про назву
Назва (НП) Історія українського мистецтва в шести томах
Дані про відповідальність (НП) відп. ред. Я. П. Затенацький
Номер частини/ розділу роботи (П) Кн.1
Назва частини/ розділу роботи Мистецтво кінця XVIII – першої половини XIX століття
260 ## - Публікація, розповсюдження і т.п. (Вихідні дані)
Місце публікації, розповсюдження і т.п. (П) Київ
Ім’я/ наймення видавництва, розповсюджувача і т.п. (П) Жовтень
Дата публікації, розповсюдження і т.п. (П) 1969
300 ## - Фізичний опис
Обсяг 364 с.
Інші фізичні характеристики (НП) іл.
505 ## - Форматована примітка про зміст
Змішана інформація Т. 4
650 #7 - Додаткове предметне введення – тематичний термін
Джерело заголовка чи терміна UDC
Тематичний термін чи географічна назва, як елемент введення (НП) 7 Мистецтво
700 1# - Додаткове введення – ім'я особи
Ім’я особи (НП) Затенацький Я. П.
Термін відношення відп. ред.
942 ## - Додаткові елементи входу (Коха)
Тип елемента Koha Книги
Source of classification or shelving scheme Universal Decimal Classification
955 ## - Код типу видання за змістом
Код типу видання за змістом (НП) Навчальні видання
Фонди
Стан вилучень Стан втрат Джерело класифікації або схеми стелажів Стан уражень Не для кредиту Постійне місце розташування Поточне розміщення Дата придбання Вартість, звичайна ціна покупки Послідовне перерахування / хронологія Інвентарний номер Повний номер виклику Штрих-код Дата останнього перегляду Ціна ефективна від Тип елемента Koha
    Universal Decimal Classification     ЧЗ - Читальна зала ЧЗ - Читальна зала 06/09/2004 40.00 Т. 4 60281 7(091)(477)"654" І-90 60281 08/02/2022 06/09/2004 Книги